[Event "Mittelrhein Verbandsliga-W 18/19"]
[Site "Nordrheinwestfalen"]
[Date "2019.01.20"]
[Round "6.7"]
[White "Hajek, Florian"]
[Black "Weyer, Hans Juergen"]
[Result "1/2-1/2"]
[WhiteElo "1699"]
[BlackElo "1840"]
[PlyCount "45"]
[EventDate "2018.09.02"]
[EventType "team-tourn"]
[EventRounds "11"]
[EventCountry "GER"]
[SourceTitle "EXT 2022"]
[Source "ChessBase"]
[SourceDate "2021.10.06"]
[SourceVersion "1"]
[SourceVersionDate "2021.10.06"]
[SourceQuality "1"]
[WhiteTeam "Pulheim"]
[BlackTeam "Herzogenrath"]
[WhiteTeamCountry "GER"]
[BlackTeamCountry "GER"]

1. Nf3 Nf6 2. c4 e6 3. d4 d5 4. cxd5 exd5 5. Nc3 Be7 6. Bg5 c6 7. Qc2 0-0 8. e3 Re8 9. Bd3 Nbd7 10. 0-0 Nf8 11. Ne5 N6d7 12. Nxd7 Bxd7 13. Bxe7 Qxe7 14. Bf5 g6 15. Bd3 Ne6 16. Ne2 Rad8 17. Rfe1 Qd6 18. Rad1 Ng7 19. Ng3 Be6 20. a3 Re7 21. Qc5 Qxc5 22. dxc5 Rde8 23. h3 1/2-1/2

[Event "Mittelrhein Verbandsliga-W 16/17"]
[Site "Nordrheinwestfalen"]
[Date "2017.04.30"]
[Round "11.6"]
[White "Hajek, Florian"]
[Black "Spies, Ulrich"]
[Result "0-1"]
[WhiteElo "1689"]
[BlackElo "1845"]
[PlyCount "70"]
[EventDate "2016.09.11"]
[EventType "team-tourn"]
[EventRounds "11"]
[EventCountry "GER"]
[SourceTitle "EXT 2022"]
[Source "ChessBase"]
[SourceDate "2021.10.06"]
[SourceVersion "1"]
[SourceVersionDate "2021.10.06"]
[SourceQuality "1"]
[WhiteTeam "Pulheim"]
[BlackTeam "Eschweiler SC"]
[WhiteTeamCountry "GER"]
[BlackTeamCountry "GER"]

1. e4 e5 2. Nf3 Nf6 3. Nc3 Nc6 4. Bc4 Bb4 5. d3 d6 6. h3 h6 7. 0-0 0-0 8. Nd5 Nxd5 9. Bxd5 Be6 10. c3 Ba5 11. Qa4 Bb6 12. Bxc6 bxc6 13. Qxc6 Bd7 14. Qc4 Be6 15. Qa4 f5 16. Qd1 Qf6 17. Nh2 Qg6 18. Nf3 fxe4 19. dxe4 Bxh3 20. Nh4 Qg3 21. Qh5 Rxf2 22. Rxf2 Bxf2+ 23. Kh1 Qxh4 24. Qxh4 Bxg2+ 25. Kxg2 Bxh4 26. Be3 Kf7 27. Kh3 Bg5 28. Bf2 a6 29. Rf1 Ke7 30. Bg3 Rf8 31. Re1 Rf3 32. Kg4 Re3 33. Rxe3 Bxe3 34. Kf5 Kf7 35. c4 h5 0-1

[Event "Mittelrhein Verbandsliga-W 16/17"]
[Site "Nordrheinwestfalen"]
[Date "2017.03.19"]
[Round "9.5"]
[White "Hajek, Florian"]
[Black "Fischer, Daniel2222"]
[Result "0-1"]
[WhiteElo "1689"]
[BlackElo "2018"]
[PlyCount "42"]
[EventDate "2016.09.11"]
[EventType "team-tourn"]
[EventRounds "11"]
[EventCountry "GER"]
[SourceTitle "EXT 2022"]
[Source "ChessBase"]
[SourceDate "2021.10.06"]
[SourceVersion "1"]
[SourceVersionDate "2021.10.06"]
[SourceQuality "1"]
[WhiteTeam "Pulheim"]
[BlackTeam "Herzogenrath"]
[WhiteTeamCountry "GER"]
[BlackTeamCountry "GER"]

1. e4 c5 2. Nf3 d6 3. Bc4 Nc6 4. c3 Nf6 5. d3 g6 6. Bg5 Bg7 7. 0-0 0-0 8. Qc1 Rb8 9. Bb3 Re8 10. h3 b5 11. Re1 Nd7 12. Bh6 Bh8 13. Ng5 e6 14. f4 c4 15. Bc2 cxd3 16. Bxd3 Nc5 17. Bc2 b4 18. f5 Ne5 19. fxg6 hxg6 20. Rf1 Ba6 21. cxb4 Rxb4 0-1

[Event "Mittelrhein Verbandsliga-W 16/17"]
[Site "Nordrheinwestfalen"]
[Date "2017.01.29"]
[Round "7.5"]
[White "Hajek, Florian"]
[Black "Peters, Michael"]
[Result "0-1"]
[WhiteElo "1674"]
[BlackElo "1991"]
[PlyCount "62"]
[EventDate "2016.09.11"]
[EventType "team-tourn"]
[EventRounds "11"]
[EventCountry "GER"]
[SourceTitle "EXT 2022"]
[Source "ChessBase"]
[SourceDate "2021.10.06"]
[SourceVersion "1"]
[SourceVersionDate "2021.10.06"]
[SourceQuality "1"]
[WhiteTeam "Pulheim"]
[BlackTeam "Kerpen SK"]
[WhiteTeamCountry "GER"]
[BlackTeamCountry "GER"]

1. e4 d5 2. exd5 Nf6 3. c4 c6 4. dxc6 Nxc6 5. Nf3 e5 6. d3 e4 7. dxe4 Qxd1+ 8. Kxd1 Nxe4 9. Be3 Bg4 10. Be2 0-0-0+ 11. Kc1 Bc5 12. Bxc5 Nxc5 13. Nbd2 Rhe8 14. Re1 Nb4 15. Kd1 Ne4 16. Kc1 Nxf2 17. Ng1 Nbd3+ 18. Kc2 Nxe1+ 19. Rxe1 Bxe2 20. Rxe2 Rxe2 21. Nxe2 Ng4 22. Nf1 Rd6 23. Nc3 Rf6 24. Ng3 Rf2+ 25. Kb3 Rxg2 26. Nf5 Rxh2 27. Nxg7 h5 28. Nb5 h4 29. Nf5 h3 30. Nbd6+ Kb8 31. Ne4 Rg2 0-1

[Event "Mittelrhein Verbandsliga-W 16/17"]
[Site "Nordrheinwestfalen"]
[Date "2016.11.27"]
[Round "4.5"]
[White "Schotanus, Fred"]
[Black "Hajek, Florian"]
[Result "1/2-1/2"]
[WhiteElo "1579"]
[BlackElo "1674"]
[PlyCount "55"]
[EventDate "2016.09.11"]
[EventType "team-tourn"]
[EventRounds "11"]
[EventCountry "GER"]
[SourceTitle "EXT 2022"]
[Source "ChessBase"]
[SourceDate "2021.10.06"]
[SourceVersion "1"]
[SourceVersionDate "2021.10.06"]
[SourceQuality "1"]
[WhiteTeam "Alsdorf SVG"]
[BlackTeam "Pulheim"]
[WhiteTeamCountry "GER"]
[BlackTeamCountry "GER"]

1. e4 c5 2. Nc3 Nc6 3. g3 g6 4. Bg2 Bg7 5. Nge2 e6 6. d3 Nge7 7. 0-0 0-0 8. Be3 d6 9. Qd2 Nd4 10. Nd1 d5 11. Nf4 b6 12. c3 Ndc6 13. exd5 Nxd5 14. Nxd5 exd5 15. d4 cxd4 16. cxd4 Be6 17. Nc3 Qd7 18. Rad1 Rfd8 19. Bh6 Bxd4 20. Ne2 Bh8 21. Nf4 Ne7 22. Rfe1 Rac8 23. Bg5 Re8 24. Bxe7 Rxe7 25. Nxd5 Bxd5 26. Rxe7 Qxe7 27. Bxd5 Qc7 28. Bf3 1/2-1/2

[Event "Cologne Longerich op-A 13th"]
[Site "Cologne"]
[Date "2016.08.14"]
[Round "4"]
[White "Runte, Dirk"]
[Black "Hajek, Florian"]
[Result "1/2-1/2"]
[WhiteElo "1758"]
[BlackElo "1815"]
[PlyCount "116"]
[EventDate "2016.08.12"]
[EventType "swiss"]
[EventRounds "5"]
[EventCountry "GER"]
[SourceTitle "EXT 2022"]
[Source "ChessBase"]
[SourceDate "2021.10.06"]
[SourceVersion "1"]
[SourceVersionDate "2021.10.06"]
[SourceQuality "1"]

1. e4 e5 2. Nf3 Nc6 3. d4 exd4 4. Nxd4 g6 5. Bc4 Bg7 6. Be3 Nge7 7. c3 0-0 8. 0-0 Na5 9. Be2 d5 10. Nd2 dxe4 11. Nxe4 Nf5 12. Nxf5 Bxf5 13. Qa4 b6 14. Rad1 Qe8 15. Qxe8 Rfxe8 16. Ng3 Be6 17. Bf3 Rad8 18. b3 c5 19. Ne4 Bd5 20. Bg5 Rd7 21. c4 Bc6 22. Nf6+ Bxf6 23. Bxf6 Rxd1 24. Rxd1 Bxf3 25. gxf3 Nc6 26. Kf1 Kf8 27. Rd7 Re6 28. Bb2 Re7 29. Rd2 Ke8 30. Bc3 Rd7 31. Re2+ Re7 32. Re3 Re6 33. Ke2 Kd7 34. a3 f5 35. f4 a6 36. Be5 g5 37. Kd3 gxf4 38. Bxf4 Rxe3+ 39. fxe3 h5 40. Kc3 Ne7 41. h3 Kc6 42. Bg5 Nc8 43. Bf4 Ne7 44. Kd3 b5 45. Kc3 Nc8 46. b4 bxc4 47. Kxc4 Nb6+ 48. Kc3 Kd5 49. bxc5 Kxc5 50. Bh6 Nc4 51. Kb3 Kb5 52. Bg5 Nd2+ 53. Kc2 Ne4 54. h4 Kc4 55. Be7 a5 56. Bd8 a4 57. Bc7 Nc5 58. Bb6 Nd3 1/2-1/2

[Event "Cologne Longerich op-A 13th"]
[Site "Cologne"]
[Date "2016.08.13"]
[Round "2"]
[White "Schmidt, Bodo1111"]
[Black "Hajek, Florian"]
[Result "1-0"]
[WhiteElo "1811"]
[BlackElo "1815"]
[PlyCount "123"]
[EventDate "2016.08.12"]
[EventType "swiss"]
[EventRounds "5"]
[EventCountry "GER"]
[SourceTitle "EXT 2022"]
[Source "ChessBase"]
[SourceDate "2021.10.06"]
[SourceVersion "1"]
[SourceVersionDate "2021.10.06"]
[SourceQuality "1"]

1. d4 d5 2. c4 c6 3. e3 Nf6 4. Nc3 Bf5 5. cxd5 cxd5 6. Bb5+ Nbd7 7. Nf3 Bg4 8. 0-0 e6 9. Bd2 Bd6 10. Be2 h6 11. Nb5 Be7 12. Ne5 Bxe2 13. Qxe2 Nxe5 14. dxe5 Ne4 15. Rfc1 0-0 16. f3 Nxd2 17. Qxd2 a6 18. Nd4 Qd7 19. Rc2 Rfc8 20. Rac1 Kf8 21. Qd3 Ke8 22. g4 Rxc2 23. Qxc2 Kd8 24. f4 Rc8 25. Qxc8+ Qxc8 26. Rxc8+ Kxc8 27. Kf2 Kd7 28. Ke2 f6 29. f5 fxe5 30. Nxe6 g6 31. e4 dxe4 32. Ke3 gxf5 33. gxf5 Kd6 34. Kxe4 Bh4 35. Ng7 Ke7 36. Nh5 Kd6 37. Ng3 Bf6 38. Ne2 Bg5 39. Nc3 Bf4 40. h3 b5 41. Nd5 Bc1 42. b3 Bb2 43. Ne3 h5 44. Nd5 a5 45. Nf6 h4 46. Ng4 a4 47. bxa4 bxa4 48. Nh2 Kc5 49. Nf3 Kb4 50. Nxe5 Kc3 51. f6 Ba3 52. f7 Bd6 53. Ng6 Kb2 54. Kd3 Kxa2 55. Kc2 Ka1 56. Nxh4 Bf8 57. Nf3 a3 58. h4 Bg7 59. h5 Bh6 60. Nd4 Bg7 61. Nb5 Bf8 62. Nxa3 1-0

[Event "Cologne Longerich op-A 13th"]
[Site "Cologne"]
[Date "2016.08.12"]
[Round "1"]
[White "Hajek, Florian"]
[Black "Rudolph, Eva"]
[Result "1/2-1/2"]
[WhiteElo "1815"]
[BlackElo "1566"]
[PlyCount "36"]
[EventDate "2016.08.12"]
[EventType "swiss"]
[EventRounds "5"]
[EventCountry "GER"]
[SourceTitle "EXT 2022"]
[Source "ChessBase"]
[SourceDate "2021.10.06"]
[SourceVersion "1"]
[SourceVersionDate "2021.10.06"]
[SourceQuality "1"]

1. e4 e5 2. Nf3 Nf6 3. Nc3 Bb4 4. d3 d6 5. Be2 Bxc3+ 6. bxc3 h6 7. h3 Be6 8. c4 c6 9. Be3 Nbd7 10. Rb1 b6 11. Nh2 d5 12. exd5 cxd5 13. Bf3 Rc8 14. cxd5 Bxd5 15. c4 Bxf3 16. Nxf3 0-0 17. 0-0 Re8 18. Qa4 Qc7 1/2-1/2

[Event "Cologne Longerich op-A 12th"]
[Site "Cologne"]
[Date "2015.08.01"]
[Round "3"]
[White "Hajek, Florian"]
[Black "Van der Valk, Niklas"]
[Result "0-1"]
[WhiteElo "1870"]
[BlackElo "2129"]
[PlyCount "36"]
[EventDate "2015.07.31"]
[EventType "tourn"]
[EventRounds "5"]
[EventCountry "GER"]
[SourceTitle "EXT 2017"]
[Source "ChessBase"]
[SourceDate "2016.10.25"]
[SourceVersion "1"]
[SourceVersionDate "2016.10.25"]
[SourceQuality "1"]

1. e4 e5 2. Nf3 Nc6 3. Bb5 a6 4. Bxc6 dxc6 5. 0-0 f6 6. c3 Qd3 7. Re1 Bc5 8. h3 Be6 9. Nxe5 fxe5 10. Qh5+ Kd7 11. Qxe5 Bd6 12. Qxg7+ Ne7 13. Qd4 Qxd4 14. cxd4 Rhg8 15. Re3 Ng6 16. e5 Be7 17. Nc3 Nf4 18. Rg3 Bh4 0-1

[Event "Cologne Longerich op-A 11th"]
[Site "Cologne"]
[Date "2014.08.03"]
[Round "5"]
[White "Schaefers, Andreas"]
[Black "Hajek, Florian"]
[Result "1-0"]
[WhiteElo "2023"]
[BlackElo "1879"]
[PlyCount "109"]
[EventDate "2014.08.01"]
[EventType "swiss"]
[EventRounds "5"]
[EventCountry "GER"]
[SourceTitle "EXT 2022"]
[Source "ChessBase"]
[SourceDate "2021.10.06"]
[SourceVersion "1"]
[SourceVersionDate "2021.10.06"]
[SourceQuality "1"]

1. d4 c5 2. d5 d6 3. Nf3 Nf6 4. Nc3 e6 5. g3 exd5 6. Nxd5 Nc6 7. Bg5 Be7 8. Nxe7 Qxe7 9. Bg2 0-0 10. 0-0 h6 11. Bf4 Rd8 12. Re1 d5 13. c3 Be6 14. Ne5 Nxe5 15. Bxe5 Ne8 16. Bf4 Qd7 17. h4 Nf6 18. Qc2 b6 19. Rad1 Rac8 20. e4 Qb7 21. exd5 Bxd5 22. Bh3 Bf3 23. Rd2 Bg4 24. Bg2 Bf3 25. Bh3 Bg4 26. Bxg4 Nxg4 27. Rde2 Nf6 28. Qf5 Qd7 29. Qxd7 Rxd7 30. Re7 Rcd8 31. Kg2 Kf8 32. Rxd7 Rxd7 33. Kf3 Rd3+ 34. Re3 Rxe3+ 35. Kxe3 a6 36. f3 Ke7 37. c4 Ke6 38. g4 Nd7 39. Ke4 Nf6+ 40. Ke3 Nd7 41. Bc7 f5 42. Kf4 fxg4 43. fxg4 g6 44. a4 Kf7 45. g5 h5 46. Ke4 Ke6 47. b3 Nf8 48. Bxb6 Nd7 49. Bc7 Nf8 50. Bg3 Nd7 51. a5 Nf8 52. Be1 Nd7 53. Bc3 Kd6 54. b4 Kc6 55. Bd2 1-0

[Event "Bad Godesberg op 17th"]
[Site "Bad Godesberg"]
[Date "2013.08.05"]
[Round "3"]
[White "Hajek, Florian"]
[Black "Wahl, Hedi"]
[Result "1-0"]
[WhiteElo "1370"]
[BlackElo "1557"]
[PlyCount "103"]
[EventDate "2013.08.03"]
[EventType "swiss"]
[EventRounds "9"]
[EventCountry "GER"]
[SourceTitle "CBM 155 Extra"]
[Source "ChessBase"]
[SourceDate "2013.08.26"]
[SourceVersion "1"]
[SourceVersionDate "2013.08.26"]
[SourceQuality "1"]

1. Nf3 g6 2. c4 c5 3. e3 Bg7 4. Be2 Nc6 5. a3 b6 6. Qc2 Nf6 7. b3 0-0 8. Bb2 d6 9. d3 Bb7 10. Nbd2 Qc7 11. Rc1 Rad8 12. Bc3 d5 13. cxd5 Nxd5 14. Bxg7 Kxg7 15. 0-0 e5 16. Qb2 f6 17. d4 Qe7 18. dxe5 Nxe5 19. Rfe1 Rd6 20. Rcd1 Rfd8 21. Bc4 a6 22. Nxe5 Qxe5 23. Qxe5 fxe5 24. Nb1 b5 25. Be2 Ne7 26. Rxd6 Rxd6 27. Rd1 Rxd1+ 28. Bxd1 Bd5 29. f3 a5 30. e4 Be6 31. Kf2 Nc6 32. Nc3 Nd4 33. Ke3 b4 34. axb4 cxb4 35. Nd5 Kf7 36. f4 Nc6 37. fxe5 Nxe5 38. h3 g5 39. Kd4 Nc6+ 40. Kc5 Bd7 41. Kd6 Be8 42. Bh5+ Kf8 43. Bxe8 Nd4 44. Ba4 Kf7 45. Ke5 Ne2 46. Nb6 Nc3 47. Nc4 Nxa4 48. bxa4 b3 49. Kd4 Ke6 50. Kc3 Kd7 51. Kxb3 Kc6 52. Nxa5+ 1-0

[Event "Bad Godesberg op 17th"]
[Site "Bad Godesberg"]
[Date "2013.08.03"]
[Round "1"]
[White "Hajek, Florian"]
[Black "Kautz, Stefan"]
[Result "0-1"]
[WhiteElo "1370"]
[BlackElo "1945"]
[PlyCount "72"]
[EventDate "2013.08.03"]
[EventType "swiss"]
[EventRounds "9"]
[EventCountry "GER"]
[SourceTitle "CBM 155 Extra"]
[Source "ChessBase"]
[SourceDate "2013.08.26"]
[SourceVersion "1"]
[SourceVersionDate "2013.08.26"]
[SourceQuality "1"]

1. Nf3 c5 2. c4 Nc6 3. e3 Nf6 4. Be2 e6 5. 0-0 Be7 6. b3 0-0 7. Bb2 b6 8. a3 Bb7 9. d3 d5 10. Nbd2 Qd7 11. Qc2 Rfd8 12. Ne5 Nxe5 13. Bxe5 dxc4 14. Nxc4 Rac8 15. Rfd1 Nd5 16. Rac1 f6 17. Bb2 e5 18. Nd2 Qe6 19. Nf3 b5 20. Ne1 Nb6 21. Bf1 Bd5 22. Qe2 Bxb3 23. Rd2 Na4 24. g3 Nxb2 25. Rxb2 c4 26. dxc4 bxc4 27. Rxb3 cxb3 28. Qb2 Rxc1 29. Qxc1 Rc8 30. Qb2 e4 31. Be2 Bd6 32. Bd1 Rb8 33. Ng2 Rb4 34. Ne1 Be5 35. Qd2 b2 36. Be2 Qa2 0-1